| 000 | 00465nam a2200181Ia 4500 | ||
|---|---|---|---|
| 003 | GCL | ||
| 008 | 140319s9999 xx 000 0 eng d | ||
| 040 |
_aGCL / _cGCL |
||
| 082 | 0 | 4 |
_a947.08 _bL L |
| 100 | 1 | _aLAVER, JOHN | |
| 245 | 1 | 0 |
_aLENIN : LIBERATOU OPPERSSOR? / _cLAVER, JOHN |
| 260 |
_a[S.N] : _bHODDER SIAGHTON ، _c1994 |
||
| 300 | _a118p | ||
| 650 | 0 | 4 | _aLENIN 1925 - 1953 USSR |
| 650 | 0 | 4 | _aSOVIET UNION |
| 650 | 0 | 4 | _aEASTERN EUROPE |
| 942 |
_2ddc _cBK |
||
| 999 |
_c10685 _d10685 |
||